01008nam a2200241 a 450000500170000000800410001702000180005804000270007604100080010304400070011108200170011824501270013525000220026226001290028430000760041365000420048965000430053165000210057465100560059571000670065171000170071871000310073520191224042316.0161219s2015 ck abd||r|||| 00| 0 spa d a9789588947150 aCO-BoIAVH cCO-BoIAVH 0 aspa ack04a333.91bP69m00aPlan de manejo ambiental de acuífero en la cuenca del Río Ranchería : bDiagnóstico y formulación participativos aPrimera edición aBogotá (Colombia) : bMinisterio de Ambiente y Desarrollo Sostenible : bCorpoguajira : bUniversidad de Antioquia,c2015. a51 páginas : bilustraciones a color, mapas y cuadros ; c28 x 22 cm.26aRecursos hídricosxAdministración26aAguas subterráneasxAdministración26aCalidad del agua aGuajira (Departamento, Colombia)zRío Ranchería1 aColombiabMinisterio de Medio Ambiente y Desarrollo Sostenible2 aCorpoguajira2 aUniversidad de Antioquía